000
00269nam a2200121 a 4500
008
100924s1986|||| d
100
1
_a
Fellini, Federico
245
1
0
_a
Filmuje
260
_b
Tatran
_a
Bratislava
_c
1986
020
_c
27
044
_a
xo
_c
SK
041
_a
slo
999
_c
10705
_d
10705